Tinker tailor soldier spy (Record no. 59933)

MARC details
000 -LEADER
fixed length control field 00541nam a2200145 a 4500
008 - FIXED-LENGTH DATA ELEMENTS--GENERAL INFORMATION
fixed length control field 130627s2011 ||||||||||||||||| || u
020 ## - INTERNATIONAL STANDARD BOOK NUMBER
International Standard Book Number 9781444728170
050 ## - LIBRARY OF CONGRESS CALL NUMBER
Classification number PR 6062 .E33 T55
100 ## - MAIN ENTRY--PERSONAL NAME
Personal name Le Carre', John
245 10 - TITLE STATEMENT
Title Tinker tailor soldier spy
Statement of responsibility, etc. By John Le Carre'
260 ## - PUBLICATION, DISTRIBUTION, ETC.
Place of publication, distribution, etc. London:
Name of publisher, distributor, etc. Hodder and Stoughton
Date of publication, distribution, etc. 2011
300 ## - PHYSICAL DESCRIPTION
Extent 422p.
650 ## - SUBJECT ADDED ENTRY--TOPICAL TERM
Topical term or geographic name entry element INTELLIGENCE SERVICE--GREAT BRITAIN--FICTION
995 ## - RECOMMENDATION 995 [LOCAL, UNIMARC FRANCE]
-- CBU-MAIN LIBRARY (Kitwe)
-- 1
-- AVAILABLE
-- Jul 12, 2013
-- Fiction Collection
Holdings
Withdrawn status Lost status Source of classification or shelving scheme Damaged status Not for loan Home library Current library Shelving location Date acquired Total Checkouts Full call number Barcode Date last seen Price effective from Koha item type
          CBU-MAIN LIBRARY, KITWE. CBU-MAIN LIBRARY, KITWE.   11/30/2022   PR 6062 .E33 T55 744151 11/30/2022 11/30/2022 MONOGRAPH